000 00743nam a2200217 4500
001 140105
003 ES-MaACL
005 20230906200015.0
007 t|
008 070214s1950 mx r ||||1| spa d
100 1 _aSchuecking, Levin L.
_9104741
245 1 3 _aEl gusto literario /
_cLevin L. Schuecking ; traducción de Margit Frenk Alatorre.
250 _a1ª. ed. en español corr. y aum.
260 _aMéxico :
_bFondo de Cultura Económica,
_c1950.
300 _a138 p. ;
_c17 cm.
490 1 _aBreviarios del fondo de cultura económica ;
_v24
700 1 _aFrenk Alatorre, Margit.
_952510
830 0 _aBreviarios del fondo de cultura económica ;
_v24
_9179682
852 _aES-MaACL
_jD-7462
_bR.30898
999 _c140105
_d140105